00762nam a2200241Ia 450000100060000000300090000600800410001504000130005604000130006904100120008210000210009410000290011524500470014424500510019125000110024226000120025326000180026526000490028330000570033250000570038965000430044665000310048957457IT-RoPAU130308s9999 xx 000 0 und d aIT-RoPAU cIT-RoPAU aINGLESE aSmythe Dallas W. gCodice Aut. SPICS: 1172 aSome Observations on Communications Theory bSociology Of Mass Communications (II Edizione) a2a ed. aENGLAND bPenguin Books c1976 [1° Ed.:1972 - Ed.Ling.Originale:1972] a"16 p. (prefazione: no ; testo: 16 [pagine: 19-34])" aAlcune Osservazioni Sulla Teoria delle Comunicazioni aSOCIOLOGIA DELLA COMUNICAZIONE SOCIALE eCodice materia Spics: 3806